| 000 | 00512nam a22001937a 4500 | ||
|---|---|---|---|
| 003 | OSt | ||
| 005 | 20160616142632.0 | ||
| 008 | 160616b xxu||||| |||| 00| 0 eng d | ||
| 020 | _a0849317290 | ||
| 040 | _cDNLM. | ||
| 082 | _aQV748K56a 2004. | ||
| 100 |
_aKim,Cherng-ju; _99418 |
||
| 245 |
_aAdvanced Pharmaceutics. _bPhysichemical Principles. |
||
| 260 |
_aLondon. _bCRC Press. _c2004. |
||
| 300 |
_a498p; _bill; _c25cm. |
||
| 504 | _aIncludes index. | ||
| 650 |
_aPharmaceuticals. _95840 |
||
| 942 |
_2z _cO_SHELF |
||
| 999 |
_c4374 _d4374 |
||